00708nam a22002055i 450000100060000000300090000600500170001500700030003200800410003504000180007608000200009410000280011424500910014226000570023330000180029050000290030885200220033799900170035995201260037648633ES-MaACL20230906161804.0t|961021s1855 sp ||||1| spa d aAR bspa cAR a821.134.2-4"18"1 aDíaz, Ventura.94415710aEstudios prácticos administrativos, económicos y políticos / cpor Ventura Diaz. aMadrid : b[s.n.], c1855 (fImp. de Manuel Alvarez) av. ; c22 cm. aDos tomos en un volumen. aES-MaACLjE-13095 c48633d48633 001040708LIBXIXaATENEOMbATENEOMcDEPO2d2008-01-17eSCl0oE-13095p1051179r2023-02-23 00:00:00w2023-02-23yMONANT